La civilización Maya

Guardat en:
Dades bibliogràfiques
Autor principal: Morley, Sylvanus Griswold (autor)
Format: Llibre
Idioma:espanyol
Publicat: Ciudad de México Fondo de Cultura Económica 1953
Edició:2a. ed
Matèries:
Etiquetes: Afegir etiqueta
Sense etiquetes, Sigues el primer a etiquetar aquest registre!

MARC

LEADER 00000nam a2200000 a 4500
001 UCP8626
003 CL-VaPUC
008 000310e19530000MX |||||||||||||||||spa|d
082 0 4 |a 972.004  |b MOR  |2 21 
100 |a Morley, Sylvanus Griswold  |e autor  |9 303716 
245 1 3 |a La civilización Maya 
250 |a 2a. ed 
300 |a 574 p 
942 |c BK 
945 |d 20000310 00:00:00  |a lriquelm 
260 |a Ciudad de México  |b Fondo de Cultura Económica  |c 1953 
650 7 |a CIVILIZACION MAYA  |2 CL-VaPUC  |9 267996 
650 0 |a Organización social  |9 357570 
650 7 |a ORGANIZACION POLITICA  |2 CL-VaPUC  |9 257437 
650 0 |a Vida y costumbres  |9 611784 
650 0 |a Religión   |9 255164 
650 0 |a Escritura  |9 264941 
650 0 |a Aritmética   |9 270049 
650 0 |a Astronomía  |9 260985 
650 0 |a Ciudades  |9 265474 
650 0 |a Arquitectura  |9 804558 
650 0 |a Escultura  |9 265737 
650 0 |a ceramica  |9 262882 
583 |a last modification  |c 20000310 00:00:00  |k Rodrigo Vera 
999 |c 285517  |d 285515 
952 |0 0  |1 0  |4 0  |6 972_004000000000000_MOR_1953  |7 0  |8 A  |9 330175  |a BIBHIS  |b BIBHIS  |d 2019-11-20  |i 1385119  |o 972.004 MOR 1953  |p 1385119  |r 2025-01-20  |w 2019-11-20  |y BK  |k HIS